Länder Flagge + Umriss Quiz #9 - Statistiken

Allgemein
  • Dieses Quiz wurde 642 mal gespielt
  • Das Durchschnittsergebnis liegt bei 13 aus 16
Antwortstatistiken
Bildquiz Antwort % Korrekt
Kasachstan
97%
Slowakei
95%
Lettland
93%
Luxemburg
92%
Nordkorea
92%
Nigeria
91%
Syrien
89%
Malaysia
88%
Litauen
84%
Madagaskar
84%
El Salvador
81%
Togo
74%
Nauru
69%
Suriname
68%
Antigua und Barbuda
62%
Kap Verde
53%
Keine übereinstimmenden Quizze gefunden
Verteilung der Resultate
Anzahl Personen mit jedem Resultat
Perzentil nach korrekt beantworteten Fragen
Ihre Resultats-Entwicklung
Sie haben dieses Quiz noch nicht gespielt